Guide to the Market Australia.
| Format: | Book |
|---|---|
| Published: |
Australia:
Department of trade,
1984.
|
| Subjects: |
| LEADER | 00385cam a2200145 7i4500 | ||
|---|---|---|---|
| 001 | 0000002433 | ||
| 005 | 20030819090000.0 | ||
| 002 | ##000003583 | ||
| 020 | 0 | 0 | |a T000003591 |
| 090 | 0 | 0 | |a 70 036 |b GUI |
| 245 | 0 | 0 | |a Guide to the Market Australia. |
| 260 | 0 | 0 | |a Australia: |b Department of trade, |c 1984. |
| 300 | # | # | |a 52p. |
| 651 | 0 | 0 | |a Australia |
| 999 | |a 0000004101 |b Book |c Countries |e Business Information Centre | ||